000 00478nam a2200169Ia 4500
008 230917s9999||||xx |||||||||||||| ||und||
020 _cUSD150
040 _e239077
_aMAIN
041 _aEnglish
082 _a647.94 G586P
100 _aGomez, Alexander, ed.
245 0 _aPrinciples and practices of hospitality and tourism
260 _aNew York
_bWillford Press
_c2016
300 _aix, 213 p.
500 _a2683 21/03/2017 RBP17/64459 21/03/2017 IHTM (SFS)
942 _cBK
999 _c22077
_d22077